Regionálne diferencie na trhu práce v Slovenskej republike

Identifikácia a vyhodnotenie regionálnych disparít s akcentom na nezamestnanosť a mzdové rozdiely v krajoch Slovenska.

Enregistré dans:
Détails bibliographiques
Auteur principal: Rievajová, Eva
Autres auteurs: Klimko, Roman, 1985-
Format: Chapitre de livre
Langue:slovaque
Sujets:
Tags: Ajouter un tag
Pas de tags, Soyez le premier à ajouter un tag!

MARC

LEADER 00000nla a2200000 4500
001 0246750
005 20240502104132.6
041 0 |a slo 
044 |a CZ 
245 1 0 |a Regionálne diferencie na trhu práce v Slovenskej republike  |c Eva Rievajová, Roman Klimko 
520 |a Identifikácia a vyhodnotenie regionálnych disparít s akcentom na nezamestnanosť a mzdové rozdiely v krajoch Slovenska. 
610 2 0 |a disparita 
610 2 0 |a diferenciácia regionálna 
610 2 0 |a trh práce 
610 2 0 |a Slovensko 
610 2 0 |a nezamestnanosť 
610 2 0 |a rozvoj regionálny 
100 1 |a Rievajová, Eva 
700 1 |a Klimko, Roman, 1985-